00605nam a22001697a 4500003000400000008004100004020001800045082002100063245011000084260005600194300001600250650002000266650004900286650006100335700002000396700001900416OSt260622b |||||||| |||| 00| 0 eng d a9789353872113 a305.420285bS13W aWomen Empowerment Socio Economic Transformation in the Digital Age / edited by Shilpi Saini, Neelam Joshi aDelhi : b Satish Serial Publishing House, c2026. axii, 145 p. aSocial Sciences aSocial groups (Sociology of specific groups) aSocial position and status of women (Women Empowerment ) aSaini, Shilpi  aJoshi, Neelam